000 00266 a2200109 4500
000 nam a22 7a 4500
020 _a9781032599281
100 _aTurjman,Fadi AL
_993
245 _aDrones in IOT Enabled spaces ( smart city 5G)
260 _bCRC
_c2019
264 _bCRC
999 _c35979
_d35979